000 00466nam a2200181Ia 4500
999 _c9435
_d9435
003 0100
005 20180216154825.0
008 130303s9999 xx 000 0 und d
040 _cARRUPELIB
050 _aDT737.B43 1981
245 _aBefore and after Shaka:
_bpapers in Nguni history /
260 _aGrahamstown, South Africa
_bInstitute of social and economic Research
_c1981
300 _avi
300 _b 267p. 21cm
650 _aNguni
_xHistory
_xCongresses
_939372
650 _aNguni
_xSocial life and customs
_xCongresses
_939373
700 _aPeires, J.B. (ed.)
_939374
942 _2lcc
_cMONOGRAPH